000 00399nam a22001577a 4500
005 20251108163341.0
008 250721s1988 xx 000 0 ara d
082 1 4 _a216,24/فتا
245 1 0 _aفتاوى الزكاة /
264 1 _aالرياض :
_bبيت الزكاة،
_c1988.
300 _a227ص
650 1 7 _aالزكاة
710 2 _aبيت الزكاه
942 _2ddc
_cBK
999 _c480
_d480